000 00416nam a2200181Ia 4500
001 3781
005 20260306145708.0
008 260306t1970||||xx |||||||||||||| ||spa||
041 _aESP
082 _a303.4
_bJ21
100 _aJantsch, Erich
_eAUT
245 0 _aLos pronósticos del futuro
260 _c1970
300 _a265 páginas :
_c18 cm.
650 _aGEN
654 _aCHU
942 _cLIB
_dJUS
_fJUS
_2ddc
_n
999 _c3781
_d3781